Central Library OPAC University of Rajshahi

Project appraisal and planning for developing countries / (Record no. 4080)

MARC details
000 -LEADER
fixed length control field 00902cam a2200289 4500
001 - CONTROL NUMBER
control field 4080
003 - CONTROL NUMBER IDENTIFIER
rucl marc code BD-RjUL
005 - DATE AND TIME OF LATEST TRANSACTION
control field 20211208233829.0
008 - FIXED-LENGTH DATA ELEMENTS--GENERAL INFORMATION
fixed length control field 131221s1974 ii b 001 0 eng
035 ## - SYSTEM CONTROL NUMBER
System control number (BD-RjUL)4114
040 ## - CATALOGING SOURCE
Original cataloging agency DLC
Transcribing agency DLC
Modifying agency DLC
-- BD-RjUL
Language of cataloging eng
041 ## - LANGUAGE CODE
Language code of text/sound track or separate title eng
082 00 - DEWEY DECIMAL CLASSIFICATION NUMBER
Classification number 309.212091724
Author mark and year LIP 1974
100 1# - MAIN ENTRY--PERSONAL NAME
Personal name Little, I. M. D.,
Dates associated with a name 1918-2012.
9 (RLIN) 12968
245 10 - TITLE STATEMENT
Title Project appraisal and planning for developing countries /
Statement of responsibility, etc. by I. M. D. Little and J. A. Mirrlees.
260 ## - PUBLICATION, DISTRIBUTION, ETC. (IMPRINT)
Place of publication, distribution, etc. New Delhi :
Name of publisher, distributor, etc. Oxford and IBH,
Date of publication, distribution, etc. 1974.
300 ## - PHYSICAL DESCRIPTION
Pagination xii, 388 p.
Size 23 cm.
504 ## - BIBLIOGRAPHY, ETC. NOTE
Bibliography, etc Bibliography: p. 374-376.
Bibliography, etc Includes index.
650 #0 - SUBJECT ADDED ENTRY--TOPICAL TERM
Topical term or geographic name as entry element Cost effectiveness.
9 (RLIN) 10686
Topical term or geographic name as entry element Capital investments.
9 (RLIN) 12969
Topical term or geographic name as entry element Capital
General subdivision Accounting.
9 (RLIN) 12970
700 1# - ADDED ENTRY--PERSONAL NAME
Personal name Mirrlees, James A.,
Relator term joint author.
942 ## - ADDED ENTRY ELEMENTS (KOHA)
Source of classification or shelving scheme Dewey Decimal Classification
Koha item type Books
Holdings
Lost status Source of classification or shelving scheme Damaged status Not for loan Collection code Permanent Location Current Location Shelving location Date acquired Source of acquisition Cost, normal purchase price Total Checkouts Full call number Date last seen Copy number Koha item type
  Dewey Decimal Classification     Non-fiction Central Library, University of Rajshahi Central Library, University of Rajshahi   01/09/1985 Tulip 45.00   309.212091724 LIP 1974 21/12/2013 C-6 Books
  Dewey Decimal Classification     Non-fiction Central Library, University of Rajshahi Central Library, University of Rajshahi   01/09/1985 Tulip Ent. 45.00   309.212091724 LIP 1974 22/12/2013 C-5 Books
  Dewey Decimal Classification     Non-fiction Central Library, University of Rajshahi Central Library, University of Rajshahi   01/09/1985 Tulip 45.00   309.212091724 LIP 1974 22/09/2016 C-2 Books